000 00567nam a22001937a 4500
999 _c159467
_d159467
005 20181219123055.0
010 _aENG-124578
020 _c350.00
_a9789352718702
035 _aEN-108110
037 _bDBAD/PUB
082 _a363.34
100 _aSubramanian R
245 0 0 _cby R Subramanian
_aDisaster mnagement/
260 _aNoida
_bVikas Publishing House
_c2018
270 _aE-28, Sector-8,
_bNoida
_e201301
300 _axvi,326p.
_c24cm(pbk)
_bill.
500 _aIt includes appendix 1 to 2 and index
942 _2ddc
_cEN
_mSUB
_h363.34